000 01097cas a2200373 a 4500
001 528067
003 ARRUPE
005 20160302111626.0
008 860130c19819999enkuu hd 0 a0eng d
010 _a 84649225
_zsn83011631
022 _a0261-1570
035 _a(OCoLC)8042726
035 _a(OCoLC)ocm08042726
035 _a(CStRLIN)NYCG86-S844
035 _a(NNC)528067
040 _aViMcC
_cViMcC
_dTxU
_dNST
_dMH
_dNST
_dDLC
_dNST
_dDLC
_dNST
_dInU
_dNST
042 _alc
043 _af------
050 0 _aREF DT18
_b.A258
090 _aDT18
_b.A22
100 _aAfrica Journal
_922671
245 0 0 _aAfrica who's who.
_cby Africa Journal
260 _aLondon :
_bPublished by Africa Journal Ltd. for Africa Books,
_c1981-
300 _a1169p. ;
_c25 cm.
362 0 _a1st ed. (1981)-
490 1 _aKnow Africa
650 _aStatesmen
_vBiography
_zAfrica
_922604
650 _aAfrica
_xPolitics
_y1960
_916763
760 0 _tKnow Africa
780 0 1 _tAfrica year book and who's who
_x0141-3341
830 0 _aKnow Africa.
_922605
942 _2lcc
_cREFERENCE
999 _c124258
_d124258